| 000 | 00630nam a2200229Ia 4500 | ||
|---|---|---|---|
| 003 | OSt | ||
| 005 | 20220924121230.0 | ||
| 006 | a|||||r|||| 00| 0 | ||
| 007 | ta | ||
| 008 | 220923b |||||||| |||| 00| 0 urd d | ||
| 024 | _a314389 | ||
| 037 | _cTextual | ||
| 040 |
_aARTS _cARTS _burd |
||
| 041 |
_2urd _aurd |
||
| 082 | _aO168,1N152,1, K4 | ||
| 100 |
_aJami Khursheed Ahmad _9184853 |
||
| 245 | 0 | _aRukhsar-e-sahar | |
| 260 |
_aHyderabad _bAnjuman Taraqqi Urdu India _c1964 |
||
| 650 | _aURDU POETRY | ||
| 942 |
_hO168,1N152,1, K4 _cTEXL _2CC |
||
| 999 |
_c406490 _d406490 |
||